Statistiques concernant Capitales qui commencent par P

Cliquez ici pour prendre le quiz!

Statistiques générales

  • Ce quiz a été pris 225 fois
  • Le résultat moyen est 11 sur 17

Statistiques - réponses

Capitales% Correct
Paris
97%
Panama
82%
Pékin
73%
Pristina
70%
Paramaribo
66%
Phnom Penh
63%
Pyongyang
63%
Prague
62%
Port-au-Prince
61%
Podgorica
59%
Praia
58%
Port-Louis
57%
Port Moresby
55%
Port-d'Espagne
53%
Porto-Novo
52%
Port-Vila
41%
Palikir
39%

Distribution des résultats

Percentile par nombre de réponses

% des personnes avec chaque résultat

Votre développement - résultats

Vous n’avez pas pris ce quiz